[Event "EU School-ch U09"]
[Site "Budva"]
[Date "2017.06.16"]
[Round "6"]
[White "Sepiashvili, Ivan"]
[Black "Khurkhumal, Aynar"]
[Result "1-0"]
[WhiteElo "1393"]
[BlackElo "1290"]
[PlyCount "45"]
[EventDate "2017.06.11"]
[EventType "swiss"]
[EventRounds "9"]
[EventCountry "MNE"]
[SourceTitle "EXT 2024"]
[Source "ChessBase"]
[SourceDate "2023.10.10"]
[SourceVersion "1"]
[SourceVersionDate "2023.10.10"]
[SourceQuality "1"]

1. e4 c5 2. Nf3 d6 3. d4 cxd4 4. Nxd4 Nf6 5. Nc3 a6 6. Be3 e5 7. Nb3 Be6 8. f3 Nbd7 9. Qd2 Be7 10. 0-0-0 0-0 11. g4 b5 12. g5 Nh5 13. Nd5 Bxd5 14. exd5 Nb6 15. Na5 Nc4 16. Bxc4 bxc4 17. Nc6 Qc7 18. Qc3 Rfc8 19. Qa5 Rab8 20. Qxa6 Ra8 21. Qxc4 Rxa2 22. f4 exf4 23. g6 1-0

[Event "EU School-ch U09"]
[Site "Budva"]
[Date "2017.06.12"]
[Round "2"]
[White "Uritsky, Yonathan"]
[Black "Khurkhumal, Aynar"]
[Result "1-0"]
[WhiteElo "1634"]
[BlackElo "1290"]
[PlyCount "75"]
[EventDate "2017.06.11"]
[EventType "swiss"]
[EventRounds "9"]
[EventCountry "MNE"]
[SourceTitle "EXT 2024"]
[Source "ChessBase"]
[SourceDate "2023.10.10"]
[SourceVersion "1"]
[SourceVersionDate "2023.10.10"]
[SourceQuality "1"]

1. e4 c5 2. Nf3 d6 3. d4 cxd4 4. Nxd4 Nf6 5. Nc3 a6 6. g3 e5 7. Nb3 Be6 8. Bg2 Nbd7 9. 0-0 Be7 10. f4 Qb6+ 11. Kh1 Bc4 12. Re1 Qc7 13. Be3 0-0 14. f5 Bxb3 15. cxb3 Rac8 16. Rc1 Qb8 17. Qd2 b5 18. Nd5 Nxd5 19. Qxd5 Nf6 20. Qd2 Rxc1 21. Rxc1 Rc8 22. h3 h6 23. g4 Rc7 24. Kg1 Qc8 25. Rxc7 Qxc7 26. Qc1 Qxc1+ 27. Bxc1 b4 28. Kf2 Kf8 29. Ke2 Ke8 30. Kd3 Kd7 31. Kc4 a5 32. Kb5 Bd8 33. Be3 Bc7 34. Bb6 Bxb6 35. Kxb6 g6 36. Kxa5 d5 37. exd5 Nxd5 38. Bxd5 1-0